| 000 | 00850nam a2200265Ia 4500 | ||
|---|---|---|---|
| 003 | OSt | ||
| 005 | 20220923231010.0 | ||
| 006 | a|||||r|||| 00| 0 | ||
| 007 | ta | ||
| 008 | 220922b |||||||| |||| 00| 0 pan d | ||
| 020 | _c200 | ||
| 024 | _a352,600 | ||
| 037 |
_b1197, 20/02/2020, H.K. Prakashan _cTextual |
||
| 040 |
_aARTS _cARTS _bpan |
||
| 041 |
_2pan _apan |
||
| 082 | _aO153,6x, Q9 | ||
| 100 | _aਕੌਰ, ਵੀਰਪਾਲ, ਂਚ. | ||
| 245 | 0 | _aਜੂਨ ਗੁਗ਼ਾਰੇ | |
| 260 |
_aਸਿਰਸਾ _b ਤਸਵੀਰ ਪ੍ਰਕਾFਨ _c2019 |
||
| 300 |
_a80ਪੰ _ccm. |
||
| 650 | _a ਪੰਜਾਬੀ ਸਾਹਿਤ | ||
| 650 | _aਸ਼ਚਅਹ਼ਲਜ | ||
| 942 |
_hO153,6x, Q9 _cTEXL _2CC |
||
| 999 |
_c388696 _d388696 |
||